000 00618nam a2200229Ia 4500
003 OSt
005 20221006164223.0
006 a|||||r|||| 00| 0
007 ta
008 221006b |||||||| |||| 00| 0 hin d
024 _a4,195
037 _cTextual
040 _aFML
_cFML
_bhin
041 _2hin
_ahin
082 _aNQ44 ' C, K7
100 _aGupt Jagdish Au.
_9676875
245 0 _aPragaitihasik Bhartiya Chitrakala
260 _aDelhi
_bNational Publishing House India
_c1967
300 _a609
_ccm.
942 _hNQ44 ' C, K7
_cTEXL
_2CC
999 _c1116556
_d1116556